000 01300nam a22002897a 4500
001 1109
005 20230804080823.0
008 230731b cb ||||| |||| 00| 0 khr d
020 _a9789924340287
040 _aFISKH
_beng
_cFISKH
_dFISKH
082 _a133.52
100 _aVanthary, Oum
245 _aសត្វទាំង ១២
246 _a12 Zodiac Animals
250 _aSecond Printing April, 2021.
260 _aPhnom Penh :
_bSipar,
_c2021.
300 _a12 unnumbered pages :
_bcolor illustrations ;
_c17 cm.
505 _aaa
520 _aណែនាំអោយកុមារតូចបានស្គាល់ពីឈ្មោះឆ្នាំសត្វទាំង ១២ នៅក្នុងប្រទេស​កម្ពុជា។​
520 _aBasic vocabulary is introduced to children with paintings of 12 zodiac animals that is used for Cambodian years.
521 _a10
_bLexile estimate
521 _aaa
_bRaz-Plus
650 _aឆ្នាំសត្វ
_vពាក្យមូលដ្ឋាន
_xឆ្នាំសត្វនៅក្នុងប្រទេស​កម្ពុជា
650 _aZodiac animals
_vBasic vocabulary
_xCambodia zodiac sign
700 _aVisoth, Seng
_cillustrator
942 _2ddc
_cBK
_n0
999 _c1109
_d1109